000 00996nam a2200289 c 4500
003 BLK
005 20180421000532.0
008 180411b bul|||||r ||||||| ||bul||
010 _aKNG00197846000
040 _aBLK
041 _aBUL
_cBUL
080 _aБългарска литература
_b821.163.2
_x-32
_z821.163.2-32
080 _aБългарска литература
_b821.163.2
_x-7
_z821.163.2-7
100 1 _aЦонев, Васил
_eпърви автор
_9249140
139 _aЦонев, Васил
_bЦ 80
245 1 0 _aДеца, избирайте
_bРазкази и фейлетони
_cВасил Цонев.
257 _aBGR
260 София
_bПрофиздат
_c1988
_fЯмбол : Г. Димитров
300 _a176 с.
_c20 см
380 _aX
500 _a8 050 тир.
852 _aЦб 153040
856 4 _qpdf
_u
856 4 _qpdf
_u
942 _cKNG
_n0
944 _aCR
_c12.12.2016
_kВаля_Йорданова
944 _aED
_c12.12.2016
_kВаля_Йорданова
999 _c188827
_d188827